000 004650000a22001810004500
041 0 _aENG
082 0 4 _aG 232.9635 L818s
100 1 _aLockyer, Herbert
245 1 0 _aSeven words of love / Herbert Lockyer
260 _aWaco, TX., USA : Word
300 _a168 Pag
650 1 4 _aJESUCRISTO - LAS SIETE PALABRAS
001 4064
942 _cBK
999 _c34679
_d34679
336 _atexto
_btxt
_2rdacontent
337 _2rdamedia
_asin mediación
_bn
338 _2rdacarrier
_avolumen
_bnc